[Event "SLO-chT1 West"]
[Site "Slovenia"]
[Date "2022.10.23"]
[Round "9.2"]
[White "Praznik, Anton"]
[Black "Markun, Bostjan"]
[Result "1/2-1/2"]
[WhiteElo "2096"]
[BlackElo "2261"]
[PlyCount "47"]
[EventDate "2022.10.07"]
[EventType "team-tourn"]
[EventRounds "9"]
[EventCountry "SLO"]
[SourceTitle "EXT 2024"]
[Source "ChessBase"]
[SourceDate "2023.10.10"]
[SourceVersion "1"]
[SourceVersionDate "2023.10.10"]
[SourceQuality "1"]
[WhiteTeam "Vrhnika"]
[BlackTeam "Kranj Tomo Zupan"]
[WhiteTeamCountry "SLO"]
[BlackTeamCountry "SLO"]

1. e4 e6 2. d4 d5 3. Nc3 Nf6 4. e5 Nfd7 5. Nf3 c5 6. dxc5 Nc6 7. Bf4 Bxc5 8. Bd3 f6 9. exf6 Nxf6 10. 0-0 0-0 11. Qe2 Bd7 12. a3 Qe7 13. b4 Nd4 14. Nxd4 Bxd4 15. Be5 Bxe5 16. Qxe5 a5 17. b5 Rac8 18. Ne2 Qc5 19. a4 Ng4 20. Qh5 Nf6 21. Qe5 Ng4 22. Qh5 Nf6 23. Qe5 Ng4 24. Qh5 1/2-1/2

[Event "SLO-chT1 West"]
[Site "Slovenia"]
[Date "2022.10.07"]
[Round "1.3"]
[White "Markun, Bostjan"]
[Black "Pucelj, Joze"]
[Result "1-0"]
[WhiteElo "2261"]
[BlackElo "2026"]
[PlyCount "67"]
[EventDate "2022.10.07"]
[EventType "team-tourn"]
[EventRounds "9"]
[EventCountry "SLO"]
[SourceTitle "CBM 210 Extra"]
[Source "ChessBase"]
[SourceDate "2022.11.30"]
[SourceVersion "1"]
[SourceVersionDate "2022.11.30"]
[SourceQuality "1"]
[WhiteTeam "Kranj Tomo Zupan"]
[BlackTeam "Dolenjske Toplice"]
[WhiteTeamCountry "SLO"]
[BlackTeamCountry "SLO"]

1. e4 d6 2. d4 Nf6 3. Nc3 c6 4. f4 Qc7 5. Nf3 Bg4 6. h3 Bxf3 7. Qxf3 e6 8. Bd3 Nbd7 9. e5 Nd5 10. Nxd5 exd5 11. 0-0 0-0-0 12. Qg4 Kb8 13. c4 dxc4 14. Bxc4 Qb6 15. Be3 dxe5 16. fxe5 Qxb2 17. Bxf7 Qa3 18. Bb3 Nb6 19. Rf7 Be7 20. Rxg7 Nd5 21. Bg5 Bxg5 22. Qxg5 Qb4 23. Qh4 Rhg8 24. Rf1 Rdf8 25. Rxg8 Rxg8 26. Bxd5 cxd5 27. e6 Qd2 28. Qf4+ Qxf4 29. Rxf4 Re8 30. Rf6 Kc7 31. Rf7+ Kd6 32. e7 h5 33. Rh7 b5 34. Rh6+ 1-0

[Event "SLO-chT 29th"]
[Site "Slovenia"]
[Date "2019.09.08"]
[Round "3.5"]
[White "Markun, Bostjan"]
[Black "Sebenik, Matej"]
[Result "0-1"]
[WhiteElo "2260"]
[BlackElo "2519"]
[PlyCount "88"]
[EventDate "2019.09.06"]
[EventType "team-tourn"]
[EventRounds "9"]
[EventCountry "SLO"]
[SourceTitle "CBM 192 Extra"]
[Source "Chessbase"]
[SourceDate "2019.11.06"]
[SourceVersion "1"]
[SourceVersionDate "2019.11.06"]
[SourceQuality "1"]
[WhiteTeam "Prevodi Dvojka"]
[BlackTeam "Ljubljana"]
[WhiteTeamCountry "SLO"]
[BlackTeamCountry "SLO"]

1. e4 c6 2. d4 d5 3. exd5 cxd5 4. c4 Nf6 5. Nc3 e6 6. Nf3 Bb4 7. cxd5 exd5 8. Bb5+ Bd7 9. Qe2+ Ne4 10. Bxd7+ Nxd7 11. 0-0 Bxc3 12. bxc3 0-0 13. c4 Re8 14. Be3 Nb6 15. cxd5 Qxd5 16. Rfc1 Rac8 17. h3 f6 18. Qd3 Rxc1+ 19. Rxc1 Qxa2 20. Qb5 Qe6 21. d5 Nxd5 22. Qxb7 Nxe3 23. fxe3 Nc5 24. Qb5 Qxe3+ 25. Kh2 Qf4+ 26. g3 Qe3 27. Qc4+ Kh8 28. Qxc5 Qxf3 29. Re1 Rd8 30. Qd4 Qa8 31. Qe3 h6 32. Re2 a5 33. h4 Qd5 34. Qf4 Kh7 35. Qc7 Rd7 36. Qf4 Qd3 37. Rb2 Rd5 38. Ra2 Re5 39. Qf2 h5 40. Qg2 a4 41. Rd2 Qe4 42. Qf2 Rf5 43. Qa7 Rf1 44. Rg2 Qb1 0-1

[Event "Feffernitz op 28th"]
[Site "Feffernitz"]
[Date "2019.08.23"]
[Round "7"]
[White "Kainz, Josef"]
[Black "Markun, Bostjan"]
[Result "0-1"]
[WhiteElo "1905"]
[BlackElo "2261"]
[PlyCount "124"]
[EventDate "2019.08.18"]
[EventType "swiss"]
[EventRounds "9"]
[EventCountry "AUT"]
[SourceTitle "EXT 2020"]
[Source "ChessBase"]
[SourceDate "2019.10.17"]
[SourceVersion "1"]
[SourceVersionDate "2019.10.17"]
[SourceQuality "1"]

1. d4 Nf6 2. c4 g6 3. g3 Bg7 4. Bg2 0-0 5. Nc3 d6 6. Nf3 Nbd7 7. 0-0 e5 8. e4 exd4 9. Nxd4 Re8 10. h3 Nc5 11. Re1 c6 12. Bg5 Qb6 13. Nb3 Nfd7 14. Be3 Qb4 15. Qxd6 Bf8 16. Qd1 Qxc4 17. Nd2 Qe6 18. Qc2 Ne5 19. Nb5 cxb5 20. Bxc5 Bxc5 21. Qxc5 Nd3 22. Qxb5 Nxe1 23. Rxe1 Rd8 24. Nf3 Bd7 25. Qg5 f6 26. Qh6 Bc6 27. h4 Qf7 28. b3 Rd7 29. Bf1 Qg7 30. Qe3 Rad8 31. Bc4+ Kh8 32. Qxa7 Qe7 33. Bd5 Bxd5 34. exd5 Qb4 35. Re6 Qc3 36. Re3 Qa1+ 37. Kg2 Qd1 38. Qb6 Qxd5 39. Qxf6+ Kg8 40. Qe6+ Qxe6 41. Rxe6 Rd3 42. Rb6 Rf8 43. Ng5 Rd2 44. Nh3 Rxa2 45. Rxb7 Raa8 46. Ng5 h6 47. Ne4 Rf7 48. Rb6 Kg7 49. b4 Ra2 50. Kg1 Re2 51. Re6 Rfxf2 52. Rxg6+ Kxg6 53. Nxf2 Kf5 54. Kg2 Rb2 55. g4+ Kf4 56. g5 hxg5 57. hxg5 Ke3 58. Kg3 Rxf2 59. Kg4 Ke4 60. b5 Rg2+ 61. Kh5 Kf5 62. Kh6 Rxg5 0-1

[Event "SLO-chT 28th"]
[Site "Slovenia"]
[Date "2018.12.15"]
[Round "8.1"]
[White "Markun, Bostjan"]
[Black "Trbojevic, Mladen"]
[Result "0-1"]
[WhiteElo "2268"]
[BlackElo "2338"]
[PlyCount "56"]
[EventDate "2018.11.02"]
[EventType "team-tourn"]
[EventRounds "9"]
[EventCountry "SLO"]
[SourceTitle "CBM 187 Extra"]
[Source "ChessBase"]
[SourceDate "2018.11.04"]
[SourceVersion "1"]
[SourceVersionDate "2018.11.04"]
[SourceQuality "1"]
[WhiteTeam "Tomo Zupan Kranj"]
[BlackTeam "Maribor Branik"]
[WhiteTeamCountry "SLO"]
[BlackTeamCountry "SLO"]

1. e4 e5 2. Nf3 Nc6 3. Nc3 Nf6 4. g3 Bc5 5. Bg2 d6 6. d3 a6 7. 0-0 0-0 8. Be3 Bxe3 9. fxe3 Ne7 10. Nh4 c6 11. d4 Be6 12. Qd2 Qb6 13. h3 d5 14. Nf5 Bxf5 15. exf5 exd4 16. exd4 Nc8 17. g4 h6 18. b3 Nd6 19. Rae1 Rfe8 20. Kh1 Qb4 21. Qd3 Rxe1 22. Rxe1 Nde4 23. Bxe4 Nxe4 24. Rxe4 dxe4 25. Nxe4 Qe1+ 26. Kg2 Re8 27. Nf2 Re2 28. Qg3 Rxc2 0-1

[Event "Bled Planinc Memorial 1st"]
[Site "Bled"]
[Date "2018.11.24"]
[Round "5"]
[White "Plesec, Damjan"]
[Black "Markun, Bostjan"]
[Result "1/2-1/2"]
[WhiteElo "2250"]
[BlackElo "2268"]
[PlyCount "59"]
[EventDate "2018.11.24"]
[EventType "swiss (blitz)"]
[EventRounds "9"]
[EventCountry "SLO"]
[SourceTitle "CBM 187 Extra"]
[Source "ChessBase"]
[SourceDate "2018.11.04"]
[SourceVersion "1"]
[SourceVersionDate "2018.11.04"]
[SourceQuality "1"]

1. d4 Nf6 2. Nf3 g6 3. g3 Bg7 4. Bg2 0-0 5. 0-0 d6 6. b3 c6 7. Bb2 Bf5 8. c4 a5 9. Nc3 Na6 10. Nh4 Bd7 11. Qd2 e5 12. Rad1 Qe7 13. Na4 e4 14. Bh1 Rae8 15. Qxa5 Bh3 16. Ng2 Ng4 17. Bc1 f5 18. f3 exf3 19. exf3 Bxg2 20. Bxg2 Ne3 21. Bxe3 Qxe3+ 22. Kh1 Bxd4 23. Qd2 Qxd2 24. Rxd2 c5 25. f4 Re7 26. Nb6 Rfe8 27. Bf3 Nb4 28. Nd5 Nxd5 29. Bxd5+ Kg7 30. Bf3 1/2-1/2

[Event "Bled Planinc Memorial 1st"]
[Site "Bled"]
[Date "2018.11.24"]
[Round "9"]
[White "Yakimenko, Alexander A"]
[Black "Markun, Bostjan"]
[Result "1-0"]
[WhiteElo "2125"]
[BlackElo "2268"]
[PlyCount "123"]
[EventDate "2018.11.24"]
[EventType "swiss (blitz)"]
[EventRounds "9"]
[EventCountry "SLO"]
[SourceTitle "CBM 187 Extra"]
[Source "ChessBase"]
[SourceDate "2018.11.04"]
[SourceVersion "1"]
[SourceVersionDate "2018.11.04"]
[SourceQuality "1"]

1. e4 e5 2. Nf3 Nc6 3. Bb5 f5 4. d3 fxe4 5. dxe4 Nf6 6. Nc3 Bc5 7. Be3 Bb6 8. Bc4 d6 9. Ng5 Qe7 10. Bf7+ Kf8 11. Bb3 Na5 12. 0-0 h6 13. Nf3 Nxb3 14. axb3 Rb8 15. Bxb6 axb6 16. Nh4 Qe8 17. f4 Bg4 18. Qd3 Qh5 19. fxe5 dxe5 20. Nf5 Kg8 21. Nd5 Nxd5 22. Qxd5+ Kh7 23. Qxe5 Bxf5 24. Rxf5 Qe2 25. Rf7 Rhg8 26. Rxc7 Rbf8 27. h3 Rf2 28. Qg3 Rf6 29. Re1 Qd2 30. Qe3 Qd8 31. Rxb7 Rgf8 32. e5 Re6 33. Qe4+ Kh8 34. Qg4 Re7 35. Rxe7 Qxe7 36. e6 Rf6 37. Qe4 Kg8 38. b4 Kh8 39. c4 Rf8 40. b5 Qc5+ 41. Kh1 Qe7 42. b3 Rd8 43. Qe3 Rb8 44. Rd1 Re8 45. Re1 Qd6 46. Qe5 Qd2 47. e7 Qf2 48. Qe3 Qf6 49. Qe5 Qf2 50. Re2 Qf1+ 51. Kh2 Qf7 52. Qe3 Qf6 53. Qf3 Qd6+ 54. Qg3 Qc5 55. Qe5 Qb4 56. Re3 Qa3 57. c5 Qxc5 58. Qxc5 bxc5 59. b6 Kg8 60. b7 Kf7 61. Re5 Rb8 62. e8Q+ 1-0

[Event "SLO-chT 28th"]
[Site "Slovenia"]
[Date "2018.11.02"]
[Round "1.1"]
[White "Markun, Bostjan"]
[Black "Cigan, Stefan"]
[Result "0-1"]
[WhiteElo "2268"]
[BlackElo "2336"]
[PlyCount "140"]
[EventDate "2018.11.02"]
[EventType "team-tourn"]
[EventRounds "9"]
[EventCountry "SLO"]
[SourceTitle "CBM 187 Extra"]
[Source "ChessBase"]
[SourceDate "2018.11.04"]
[SourceVersion "1"]
[SourceVersionDate "2018.11.04"]
[SourceQuality "1"]
[WhiteTeam "Tomo Zupan Kranj"]
[BlackTeam "Pomgrad Radenska"]
[WhiteTeamCountry "SLO"]
[BlackTeamCountry "SLO"]

1. e4 e5 2. Nf3 Nc6 3. Bc4 Nf6 4. d4 exd4 5. Ng5 Ne5 6. Qxd4 Nxc4 7. Qxc4 d5 8. exd5 Nxd5 9. 0-0 Be7 10. Rd1 c6 11. Qe4 Qc7 12. Re1 h6 13. Nf3 Kf8 14. c4 Nf6 15. Qe2 Bf5 16. Bf4 Bd6 17. Bxd6+ Qxd6 18. Qe5 Qxe5 19. Rxe5 Rd8 20. Nbd2 Be6 21. h3 g5 22. b3 Kg7 23. Rae1 Rd3 24. R5e3 Rhd8 25. Nf1 c5 26. Rxd3 Rxd3 27. Ne5 Rd4 28. Nf3 Rd6 29. Ne3 Ne4 30. Kf1 Ra6 31. Ra1 Nc3 32. a4 Ne4 33. Ke1 Rb6 34. Rb1 Nc3 35. Rb2 Nxa4 36. Ra2 Nc3 37. Rxa7 Rxb3 38. Nd2 Rb4 39. Nc2 Rb2 40. Ne3 f5 41. Ra8 Ra2 42. Rxa2 Nxa2 43. Ke2 Nc1+ 44. Kf3 Nd3 45. g3 Ne5+ 46. Ke2 f4 47. gxf4 gxf4 48. Nd5 f3+ 49. Nxf3 Nxc4 50. Nf4 Bf7 51. Nh4 Kf6 52. Kd3 b5 53. Kc2 Ne5 54. Nhg2 Kf5 55. Ne2 b4 56. Ng3+ Ke6 57. Nf4+ Kd6 58. Nf5+ Kc6 59. Nxh6 Bc4 60. Nf5 Kb5 61. Nd6+ Ka4 62. Nxc4 Nxc4 63. Nd3 Na3+ 64. Kc1 c4 65. Ne5 c3 66. h4 b3 67. Nd3 Nc4 68. Nc5+ Ka3 69. Ne4 Kb4 70. Kb1 Na3+ 0-1

[Event "Feffernitz op 27th"]
[Site "Feffernitz"]
[Date "2018.08.26"]
[Round "9"]
[White "Markun, Bostjan"]
[Black "Koller, Hans Juergen"]
[Result "1-0"]
[WhiteElo "2257"]
[BlackElo "2168"]
[PlyCount "39"]
[EventDate "2018.08.19"]
[EventType "swiss"]
[EventRounds "9"]
[EventCountry "AUT"]
[SourceTitle "CBM 186 Extra"]
[Source "ChessBase"]
[SourceDate "2018.08.24"]
[SourceVersion "1"]
[SourceVersionDate "2018.08.24"]
[SourceQuality "1"]

1. e4 d6 2. d4 Nf6 3. Nc3 c6 4. f4 Qa5 5. e5 Ne4 6. Bd3 Nxc3 7. Qd2 g6 8. bxc3 dxe5 9. fxe5 Bh6 10. Qxh6 Qxc3+ 11. Qd2 Qxa1 12. Nf3 Qxa2 13. 0-0 h6 14. Qc3 Be6 15. Qb4 Qd5 16. Qxb7 Qd7 17. Qxa8 Qc7 18. Be3 0-0 19. d5 Bxd5 20. Qxa7 1-0

[Event "SLO-chT 27th"]
[Site "Slovenia"]
[Date "2017.12.09"]
[Round "8.4"]
[White "Markun, Bostjan"]
[Black "Zupancic, Jernej"]
[Result "1/2-1/2"]
[WhiteElo "2294"]
[BlackElo "2211"]
[PlyCount "80"]
[EventDate "2017.09.29"]
[EventType "team-tourn"]
[EventRounds "9"]
[EventCountry "SLO"]
[SourceTitle "EXT 2019"]
[Source "ChessBase"]
[SourceDate "2018.10.10"]
[SourceVersion "1"]
[SourceVersionDate "2018.10.10"]
[SourceQuality "1"]
[WhiteTeam "Prevodi Dvojka"]
[BlackTeam "Novo Mesto Krka"]
[WhiteTeamCountry "SLO"]
[BlackTeamCountry "SLO"]

1. e4 d6 2. d4 Nf6 3. Nc3 Nbd7 4. Nf3 e5 5. g3 Be7 6. Bg2 c6 7. a4 0-0 8. 0-0 Qc7 9. b3 Rd8 10. Bb2 Nf8 11. h3 Ng6 12. Re1 b6 13. Qd3 Bb7 14. Nd1 Bf8 15. Ne3 Re8 16. c4 Rad8 17. d5 c5 18. Nh2 Bc8 19. Nhg4 Be7 20. Nf5 h5 21. Nxf6+ Bxf6 22. Qf3 h4 23. Qh5 Bxf5 24. exf5 Nf8 25. Be4 Rd7 26. Bc1 Qd8 27. Kh1 g6 28. Qg4 hxg3 29. fxg3 Kh8 30. Rf1 Nh7 31. fxg6 fxg6 32. h4 Rg8 33. Be3 Qe8 34. Rf2 Bd8 35. Raf1 Rc7 36. Kg2 Rd7 37. Rf3 Rc7 38. R3f2 Rd7 39. Kg1 Rc7 40. Kg2 Rd7 1/2-1/2

[Event "SLO-chT 27th"]
[Site "Slovenia"]
[Date "2017.09.30"]
[Round "2.1"]
[White "Urbanc, Peter"]
[Black "Markun, Bostjan"]
[Result "1-0"]
[WhiteElo "2269"]
[BlackElo "2294"]
[PlyCount "153"]
[EventDate "2017.09.29"]
[EventType "team-tourn"]
[EventRounds "9"]
[EventCountry "SLO"]
[SourceTitle "EXT 2018"]
[Source "ChessBase"]
[SourceDate "2017.10.13"]
[SourceVersion "1"]
[SourceVersionDate "2017.10.13"]
[SourceQuality "1"]
[WhiteTeam "Krsko Triglav"]
[BlackTeam "Prevodi Dvojka"]
[WhiteTeamCountry "SLO"]
[BlackTeamCountry "SLO"]

1. d4 Nf6 2. e3 g6 3. Nf3 Bg7 4. Be2 0-0 5. 0-0 d5 6. c4 c6 7. Nc3 b6 8. Ne5 Bb7 9. Bd2 e6 10. Rc1 Nbd7 11. Qa4 Nxe5 12. dxe5 Nd7 13. f4 f6 14. exf6 Nxf6 15. Rfd1 Qe7 16. Qc2 c5 17. Be1 Rad8 18. Bh4 d4 19. exd4 cxd4 20. Nb5 e5 21. c5 exf4 22. Rxd4 bxc5 23. Bc4+ Kh8 24. Re1 Qxe1+ 25. Bxe1 cxd4 26. Bb4 Rfe8 27. Nd6 Rxd6 28. Bxd6 Ng4 29. Qd1 Ne3 30. Qa4 Rc8 31. b3 Nxc4 32. bxc4 d3 33. Bxf4 Bd4+ 34. Kf1 Rf8 35. g3 g5 36. Qb4 Rf7 37. c5 Bg7 38. Qc4 Rf8 39. c6 Bc8 40. Qxd3 gxf4 41. gxf4 Rxf4+ 42. Kg2 Rf8 43. Qd5 h6 44. Kg3 a6 45. c7 Bf5 46. Qxf5 Rxf5 47. c8Q+ Rf8 48. Qxa6 Be5+ 49. Kg4 Rf4+ 50. Kh5 Bg7 51. Qe6 Rf2 52. h3 Rf6 53. Qe8+ Rf8 54. Qe4 Rd8 55. Kg6 Rd6+ 56. Kf7 Rf6+ 57. Ke7 Ra6 58. a4 Ra7+ 59. Kd6 Ra5 60. Kc6 Re5 61. Qd3 Re6+ 62. Kd7 Re5 63. Kd6 Ra5 64. Qe4 Ra7 65. Kc6 Ra5 66. Kb6 Re5 67. Qd3 Re6+ 68. Kb5 Re5+ 69. Kc4 Bf6 70. Qg6 Bg7 71. h4 Bf8 72. Qf6+ Bg7 73. Qd8+ Kh7 74. Qd3+ Kg8 75. a5 Bf8 76. Qd5+ Rxd5 77. Kxd5 1-0

[Event "SLO-chT"]
[Site "Slovenia"]
[Date "2016.11.11"]
[Round "4.5"]
[White "Markun, Bostjan"]
[Black "Supancic, Darko"]
[Result "1/2-1/2"]
[WhiteElo "2294"]
[BlackElo "2317"]
[PlyCount "80"]
[EventDate "2016.10.14"]
[EventType "team-tourn"]
[EventRounds "9"]
[EventCountry "SLO"]
[SourceTitle "CBM 175 Extra"]
[Source "ChessBase"]
[SourceDate "2016.12.12"]
[SourceVersion "1"]
[SourceVersionDate "2016.12.12"]
[SourceQuality "1"]
[WhiteTeam "Prevodi Dvojka"]
[BlackTeam "Maribor Branik"]
[WhiteTeamCountry "SLO"]
[BlackTeamCountry "SLO"]

1. e4 g6 2. d4 Bg7 3. Nc3 c6 4. Nf3 d5 5. h3 Nf6 6. Bd3 dxe4 7. Nxe4 Nxe4 8. Bxe4 Nd7 9. 0-0 0-0 10. c3 e5 11. dxe5 Nxe5 12. Nxe5 Bxe5 13. Be3 Be6 14. f4 Bc7 15. Qf3 f5 16. Bc2 Bb6 17. Rad1 Qc7 18. b3 Rfe8 19. Bxb6 axb6 20. Bb1 Bd5 21. Qf2 b5 22. Rfe1 Rad8 23. g3 Bf7 24. Rxe8+ Rxe8 25. Re1 Rxe1+ 26. Qxe1 Kf8 27. Kf2 Qe7 28. Qd2 Qc5+ 29. Qe3 Qxe3+ 30. Kxe3 Ke7 31. b4 Kd6 32. a3 Be6 33. h4 Bd5 34. Bd3 Be6 35. Bb1 Bd5 36. Bd3 Be6 37. Bb1 Bd5 38. Bd3 Be6 39. Bb1 Bd5 40. Bd3 Be6 1/2-1/2

[Event "SLO-chT1 West"]
[Site "Ljubljana"]
[Date "2015.10.16"]
[Round "1"]
[White "Markun, Bostjan"]
[Black "Bratovic, Blaz"]
[Result "1/2-1/2"]
[WhiteElo "2323"]
[BlackElo "2325"]
[PlyCount "236"]
[EventDate "2015.10.16"]
[EventType "team-tourn"]
[EventRounds "9"]
[EventCountry "SLO"]
[SourceTitle "EXT 2019"]
[Source "ChessBase"]
[SourceDate "2018.10.10"]
[SourceVersion "1"]
[SourceVersionDate "2018.10.10"]
[SourceQuality "1"]
[WhiteTeam "Prevodi Dvojka"]
[BlackTeam "Gorenjka Lesce"]
[WhiteTeamCountry "SLO"]
[BlackTeamCountry "SLO"]

1. e4 e6 2. d4 d5 3. Nc3 Bb4 4. Nge2 Nf6 5. Bg5 dxe4 6. a3 Be7 7. Bxf6 gxf6 8. Nxe4 b6 9. Qd3 Bb7 10. 0-0-0 Nd7 11. c4 f5 12. N4c3 Bf6 13. f4 a6 14. Rg1 Qe7 15. g3 c5 16. d5 b5 17. Bg2 Nb6 18. cxb5 0-0 19. d6 Qd7 20. g4 Bxg2 21. Rxg2 axb5 22. gxf5+ Kh8 23. Qxb5 Qxb5 24. Nxb5 Nc4 25. fxe6 Bxb2+ 26. Kb1 fxe6 27. Rg3 Rfb8 28. Rb3 Bf6 29. Ka2 Rxb5 30. Rxb5 Rxa3+ 31. Kb1 Ra1+ 32. Kc2 Na3+ 33. Kb3 Nxb5 34. Rxa1 Bxa1 35. d7 Bf6 36. Kc4 Nd6+ 37. Kxc5 Nf7 38. Ng3 Kg7 39. f5 Be7+ 40. Kd4 e5+ 41. Ke4 Kf6 42. Kd5 Bd8 43. Ke4 Ke7 44. Kd5 Kxd7 45. Ne4 Be7 46. f6 Ba3 47. h4 Bb4 48. Nf2 Bc3 49. Ne4 Bd4 50. Nd2 Nd8 51. Nf3 Ke8 52. h5 h6 53. Nh2 Kd7 54. Ng4 Nf7 55. Nh2 Be3 56. Ng4 Bf4 57. Nf2 Ng5 58. Ng4 Nh7 59. f7 Ke7 60. f8Q+ Kxf8 61. Nxh6 Nf6+ 62. Ke6 e4 63. Nf5 Nxh5 64. Kd5 Nf6+ 65. Ke6 Ng4 66. Nh4 Bg5 67. Kf5 Bxh4 68. Kxe4 Kf7 69. Kf5 Nf6 70. Ke5 Ke7 71. Kf4 Ke6 72. Kf3 Kf5 73. Ke3 Bg3 74. Kd3 Ke5 75. Kc4 Bf2 76. Kd3 Bg1 77. Kc4 Ke4 78. Kb5 Kd5 79. Kb4 Ne4 80. Kb5 Bc5 81. Ka5 Nd6 82. Ka4 Kc4 83. Ka5 Be3 84. Ka6 Bc5 85. Ka5 Bd4 86. Ka6 Kd5 87. Ka5 Kc5 88. Ka6 Kc6 89. Ka5 Kb7 90. Kb4 Kb6 91. Kb3 Kb5 92. Kc2 Kc4 93. Kd2 Nf7 94. Ke2 Ne5 95. Kd2 Bc5 96. Ke2 Kd5 97. Kf1 Ke4 98. Ke2 Be3 99. Ke1 Nf3+ 100. Kf1 Nh4 101. Ke2 Bd4 102. Kd2 Ng2 103. Kc2 Ne3+ 104. Kd2 Nc4+ 105. Ke2 Be3 106. Ke1 Kf3 107. Kd1 Kf2 108. Kc2 Ke2 109. Kc3 Nd2 110. Kb4 Kd3 111. Kb5 Ke4 112. Kc6 Nc4 113. Kb7 Kd5 114. Kc7 Bf4+ 115. Kb7 Be3 116. Kc7 Nb6 117. Kb7 Kc5 118. Kc7 Bf4+ 1/2-1/2

[Event "SLO-chT1 West"]
[Site "Ljubljana"]
[Date "2013.10.25"]
[Round "7"]
[White "Markun, Bostjan"]
[Black "Marinsek, Tomaz"]
[Result "1-0"]
[WhiteElo "2322"]
[BlackElo "2156"]
[PlyCount "77"]
[EventDate "2013.09.27"]
[EventType "team-tourn"]
[EventRounds "9"]
[EventCountry "SLO"]
[SourceTitle "EXT 2019"]
[Source "ChessBase"]
[SourceDate "2018.10.10"]
[SourceVersion "1"]
[SourceVersionDate "2018.10.10"]
[SourceQuality "1"]
[WhiteTeam "Kranj Tomo Zupan"]
[BlackTeam "Trebnje BMP"]
[WhiteTeamCountry "SLO"]
[BlackTeamCountry "SLO"]

1. e4 d5 2. exd5 Qxd5 3. Nc3 Qd8 4. d4 Nf6 5. Bg5 c6 6. Qd2 Bf5 7. Nf3 e6 8. Ne5 Nbd7 9. Nxd7 Qxd7 10. f3 Bb4 11. a3 Be7 12. 0-0-0 h6 13. Bf4 Nd5 14. Nxd5 cxd5 15. g4 Bg6 16. Bd3 Bxd3 17. Qxd3 Rc8 18. h4 Qa4 19. g5 Kd7 20. g6 fxg6 21. Kb1 Rc6 22. Qxg6 Rhc8 23. Rh2 Rb6 24. Rd3 Bxa3 25. Qxg7+ Be7 26. Bxh6 Ra6 27. Ra3 Qc4 28. Rxa6 Qf1+ 29. Bc1 bxa6 30. Qg4 Rb8 31. Qf4 Bd6 32. Qf7+ Be7 33. h5 Rf8 34. Qg7 Rxf3 35. h6 Rf7 36. Qg6 Rf6 37. Qg4 Bd6 38. h7 Bf4 39. Qxf4 1-0

[Event "SLO-chT1 West"]
[Site "Ljubljana"]
[Date "2012.09.29"]
[Round "5.1"]
[White "Furlan, Miha"]
[Black "Markun, Bostjan"]
[Result "1-0"]
[WhiteElo "2358"]
[BlackElo "2337"]
[PlyCount "87"]
[EventDate "2012.09.21"]
[EventType "team-tourn"]
[EventRounds "9"]
[EventCountry "SLO"]
[SourceTitle "EXT 2022"]
[Source "ChessBase"]
[SourceDate "2021.10.06"]
[SourceVersion "1"]
[SourceVersionDate "2021.10.06"]
[SourceQuality "1"]
[WhiteTeam "Trebnje BMP"]
[BlackTeam "Kranj Tomo Zupan"]
[WhiteTeamCountry "SLO"]
[BlackTeamCountry "SLO"]

1. e4 e5 2. Nf3 Nf6 3. d4 Nxe4 4. Bd3 d5 5. dxe5 Be7 6. 0-0 0-0 7. Re1 Bg4 8. Nbd2 Nxd2 9. Bxd2 c5 10. h3 Be6 11. c3 Nc6 12. Qc2 h6 13. Qc1 Qd7 14. Bxh6 Bxh3 15. Bf4 Bf5 16. Qc2 Bxd3 17. Qxd3 Qg4 18. Bg3 Rad8 19. Nh2 Qe6 20. f4 c4 21. Qf3 Qf5 22. Bf2 d4 23. g4 Qc2 24. Qe4 Qxe4 25. Rxe4 dxc3 26. bxc3 Rd3 27. Rxc4 g5 28. Rb1 gxf4 29. Rxf4 Nxe5 30. Rxb7 Bg5 31. Re4 Nc6 32. c4 Rc8 33. c5 Ra3 34. Re2 a5 35. Kg2 Nb4 36. Nf3 Bf4 37. Nd4 Nxa2 38. Ree7 Nb4 39. Rxf7 Be5 40. Nf5 Bf4 41. Rg7+ Kf8 42. Rbf7+ Ke8 43. Re7+ Kf8 44. Rh7 1-0

[Event "SLO-chT 20th"]
[Site "Gostovanja"]
[Date "2010.11.06"]
[Round "8"]
[White "Markun, Bostjan"]
[Black "Dizdar, Goran"]
[Result "0-1"]
[WhiteElo "2325"]
[BlackElo "2557"]
[PlyCount "96"]
[EventDate "2010.05.15"]
[EventType "team-tourn"]
[EventRounds "9"]
[EventCountry "SLO"]
[SourceTitle "EXT 2020"]
[Source "ChessBase"]
[SourceDate "2019.10.17"]
[SourceVersion "1"]
[SourceVersionDate "2019.10.17"]
[SourceQuality "1"]
[WhiteTeam "Kranj Tomo Zupan"]
[BlackTeam "Krsko Triglav"]
[WhiteTeamCountry "SLO"]
[BlackTeamCountry "SVK"]

1. e4 e6 2. d4 d5 3. Nc3 Nf6 4. e5 Nfd7 5. f4 c5 6. Nf3 Nc6 7. Be3 Be7 8. Qd2 0-0 9. dxc5 Bxc5 10. Bxc5 Nxc5 11. 0-0-0 Qb6 12. Kb1 Rd8 13. Nd4 Ne4 14. Qe3 Nxc3+ 15. Qxc3 Bd7 16. h4 Rac8 17. Qd2 Nxd4 18. Qxd4 Rc5 19. g3 Rdc8 20. Rh2 Bb5 21. Bxb5 Qxb5 22. Rd3 Rc4 23. Qe3 a5 24. Rhd2 Qc6 25. Qf2 b5 26. Rd4 b4 27. Rxc4 Qxc4 28. Qe2 Qxe2 29. Rxe2 h5 30. Re3 Kh7 31. a3 Kg6 32. axb4 axb4 33. Kc1 Kf5 34. Kd2 f6 35. Kd3 Rc4 36. Kd2 Rd4+ 37. Ke2 Re4 38. exf6 gxf6 39. Kf3 Rxe3+ 40. Kxe3 e5 41. b3 Kg4 42. c4 bxc3 43. fxe5 fxe5 44. b4 d4+ 45. Ke2 e4 46. b5 d3+ 47. Kd1 e3 48. b6 e2+ 0-1

[Event "SLO-chT1a West"]
[Site "Ljubljana"]
[Date "2009.10.17"]
[Round "7.1"]
[White "Markun, Bostjan"]
[Black "Zeleznik, Alojz"]
[Result "1-0"]
[WhiteElo "2307"]
[BlackElo "2232"]
[PlyCount "49"]
[EventDate "2009.10.09"]
[EventType "team-tourn"]
[EventRounds "9"]
[EventCountry "SLO"]
[SourceTitle "EXT 2012"]
[Source "ChessBase"]
[SourceDate "2011.11.24"]
[SourceVersion "1"]
[SourceVersionDate "2011.11.24"]
[SourceQuality "1"]
[WhiteTeam "Kranj Tomo Zupan"]
[BlackTeam "Jesenice"]
[WhiteTeamCountry "SLO"]
[BlackTeamCountry "SLO"]

1. e4 c5 2. c3 e6 3. d4 d5 4. exd5 exd5 5. Nf3 Nc6 6. Bb5 Bd6 7. dxc5 Bxc5 8. 0-0 Nge7 9. Nbd2 0-0 10. Nb3 Bd6 11. Bd3 Qc7 12. Re1 h6 13. h3 Rd8 14. Nbd4 a6 15. Bc2 Bd7 16. Qd3 Ng6 17. Nf5 Nce5 18. Nxe5 Bxe5 19. Be3 Rac8 20. Rad1 Bxf5 21. Qxf5 d4 22. Bxd4 Bxd4 23. Rxd4 Rxd4 24. cxd4 Qxc2 25. Re8+ 1-0

[Event "SLO-chT1a West"]
[Site "Ljubljana"]
[Date "2009.10.10"]
[Round "3.1"]
[White "Markun, Bostjan"]
[Black "Mencinger, Vojko"]
[Result "1-0"]
[WhiteElo "2307"]
[BlackElo "2424"]
[PlyCount "81"]
[EventDate "2009.10.09"]
[EventType "team-tourn"]
[EventRounds "9"]
[EventCountry "SLO"]
[SourceTitle "EXT 2012"]
[Source "ChessBase"]
[SourceDate "2011.11.24"]
[SourceVersion "1"]
[SourceVersionDate "2011.11.24"]
[SourceQuality "1"]
[WhiteTeam "Kranj Tomo Zupan"]
[BlackTeam "Gorenjka Lesce"]
[WhiteTeamCountry "SLO"]
[BlackTeamCountry "SLO"]

1. e4 c5 2. c3 d5 3. exd5 Qxd5 4. d4 Nf6 5. Nf3 e6 6. Bd3 Be7 7. 0-0 0-0 8. Be3 Nc6 9. c4 Qd8 10. Nc3 Ng4 11. d5 Nb4 12. Be2 f5 13. Bf4 g5 14. Bc1 Bf6 15. a3 Na6 16. dxe6 Bxe6 17. Qxd8 Raxd8 18. Nxg5 Bf7 19. Nxf7 Rxf7 20. Nd5 Bd4 21. h3 Re8 22. Bf3 Nxf2 23. Bh5 Nxh3+ 24. Kh2 Nf2 25. Bxf7+ Kxf7 26. Bf4 Re2 27. Rae1 Ng4+ 28. Kh3 Nf2+ 29. Kh4 Rxb2 30. Re7+ Kg6 31. Bg5 Nd3 32. Rf3 Rxg2 33. Rxd3 Rxg5 34. Nf4+ Kh6 35. Re6+ Rg6 36. Nxg6 hxg6 37. Rg3 Bf2 38. Rexg6+ Kh7 39. Kh5 Bxg3 40. Rxg3 Nc7 41. Re3 1-0